000 00317nam a2200133Ia 4500
008 241014s9999||||xx |||||||||||||| ||und||
020 _a978-1-4160-4574-8
100 _a"Hall,John E."
245 0 _aT/B of Medical Physiology
250 _a11th
260 _bElsevier
_c2011
650 _aPhysiology
942 _bDCOP
_cBK
999 _c4647
_d4647